000 00253nam a2200097Ia 4500
001 1253569
005 20251031150956.0
008 251031s9999 xx 000 0 und d
245 0 _cSÜHEYLA SANCAR
_aY-7 KİMYANIN DEHASI RAZİ
260 _bERDEM YAYINLARI
999 _c1253569
_d1253569